| 000 | 00456nam a22001937a 4500 | ||
|---|---|---|---|
| 003 | MPLRDC | ||
| 005 | 20220104150239.0 | ||
| 008 | 210129b ||||| |||| 00| 0 eng d | ||
| 020 | _a957-689-965-6 | ||
| 082 | _a857.7 MBE | ||
| 100 | _a梅贝尔 | ||
| 245 |
_a头号痞子 _c |
||
| 250 | _a初版 | ||
| 260 |
_a _b龙吟文化事业 _c2000 |
||
| 300 | _b平 | ||
| 490 | _a龙吟 PINK 小说. 079 | ||
| 650 | _a长篇小说 | ||
| 942 |
_cBK _o857.7 MBE |
||
| 999 |
_c51765 _d51755 |
||